00773nam a2200241 a 4500001001300000003000900013005001700022008004100039020002300080082001800103100002500121245004800146260005400194300001000248500003500258505001800293650002900311700002500340902000800365942000700373952013400380999001700514nice12345678IN_TiNIC20260116014203.0140217s2007 newa grp 000 0 eng  a8174352945 c12500a291.172bAZI1 aAziz-Us-samad, Ulfat aComparative Study of Christianity and Islam aNew Delhi bAdam Publisher and Distributer c2007 a147p  aincludes index and biblioraphy2 abiblio, index aAaishah-Wife of Muhammad1 aAziz-Us-samad, Ulfat bSRS cBK 001040708StackRoom-aHMIbHMId2014-02-17g125.00l4m3o291.172 AZI1p024410r2024-04-05s2023-04-27v125.00w2014-02-17yBK c14239d14239